West to far Michigan (Record no. 225240)
[ view plain ]
| 000 -LEADER | |
|---|---|
| fixed length control field | 01786nam a2200397 a 4500 |
| 082 04 - DEWEY DECIMAL CLASSIFICATION NUMBER | |
| Classification number | 333.3/09774 |
| 100 1# - MAIN ENTRY--AUTHOR NAME | |
| Personal name | Lewis, Kenneth E. |
| 245 10 - TITLE STATEMENT | |
| Title | West to far Michigan |
| 260 ## - PUBLICATION, DISTRIBUTION, ETC. (IMPRINT) | |
| Place of publication | East Lansing : |
| Name of publisher | Michigan State University Press, |
| Year of publication | c2002. |
| 300 ## - PHYSICAL DESCRIPTION | |
| Number of Pages | xx, 514 p. : |
| Other physical details | ill., maps. |
| 650 #0 - SUBJECT ADDED ENTRY--TOPICAL TERM | |
| Topical Term | Land tenure |
| Topical Term | Land settlement |
| Topical Term | Land settlement patterns |
| Topical Term | Agricultural colonies |
| Topical Term | Indians of North America |
| 856 40 - ELECTRONIC LOCATION AND ACCESS | |
| Uniform Resource Identifier | http://site.ebrary.com/lib/rucke/Doc?id=10514538 |
No items available.
